2023 NRL Supercoach Top Scoring Players - Statistics

General Stats
  • This quiz has been taken 28 times
  • The average score is 27 of 50
Answer Stats
Rank Points Team Answer % Correct
8 1,698 Panthers Nathan Cleary
100%
1 1,900 Sharks Nicholas Hynes
96%
5 1,788 Warriors Shaun Johnson
92%
40 1,355 Storm Cameron Munster
83%
9 1,687 Sea Eagles Daly Cherry-Evans
83%
2 1,841 Dolphins Jamayne Isaako
83%
15 1,574 Knights Kalyn Ponga
83%
18 1,513 Broncos Reece Walsh
83%
14 1,589 Panthers Dylan Edwards
79%
7 1,752 Cowboys Scott Drinkwater
79%
3 1,818 Eels Clint Gutherson
71%
26 1,449 Panthers Isaah Yeo
71%
35 1,385 Roosters James Tedesco
71%
25 1,470 Broncos Payne Haas
71%
11 1,668 Warriors Addin Fonua-Blake
67%
32 1,412 Panthers Brian To'o
67%
13 1,616 Storm Harry Grant
67%
17 1,520 Rabbitohs Cody Walker
63%
4 1,793 Titans David Fifita
63%
44 1,344 Rabbitohs Alex Johnston
58%
31 1,415 Storm Jahrome Hughes
58%
45 1,340 Broncos Patrick Carrigan
58%
22 1,486 Sea Eagles Reuben Garrick
58%
41 1,353 Sharks Ronaldo Mulitalo
54%
47 1,336 Panthers Stephen Crichton
54%
24 1,473 Titans Tino Fa'asuamaleaui
54%
6 1,759 Eels J'maine Hopgood
50%
10 1,670 Sharks Briton Nikora
46%
29 1,442 Knights Dominic Young
46%
12 1,645 Sea Eagles Haumole Olakau'atu
46%
19 1,496 Storm Nick Meaney
46%
48 1,334 Cowboys Thomas Dearden
46%
49 1,332 Warriors Tohu Harris
46%
28 1,446 Rabbitohs Campbell Graham
42%
46 1,337 Warriors Charnze Nicoll-Klokstad
42%
21 1,494 Rabbitohs Damien Cook
42%
27 1,448 Knights Dane Gagai
42%
16 1,546 Knights Greg Marzhew
42%
30 1,425 Broncos Herbie Farnworth
42%
38 1,364 Sharks Blayke Brailey
38%
34 1,385 Knights Bradman Best
38%
39 1,357 Sharks Jesse Ramien
33%
43 1,344 Titans Brian Kelly
29%
23 1,479 Raiders Joseph Tapine
29%
37 1,364 Raiders Corey Horsburgh
25%
36 1,382 Raiders Matthew Timoko
25%
42 1,349 Eels Will Penisini
25%
20 1,496 Eels Bryce Cartwright
21%
33 1,393 Roosters Nat Butcher
21%
50 1,325 Panthers Scott Sorensen
21%
No matching quizzes found
Score Distribution
Percent of People with Each Score
Percentile by Number Answered
Your Score History
You have not taken this quiz